000 00877cam a2200229 a 4500
001 000025533
005 20200930023846.0
008 901219s1975 mx b 000 | spa d
040 _aDO-SdBNP
_bspa
_cBNPHU
041 _aspa
_heng
_2Código de idioma MARC
082 _axxx
_bR282g
100 1 _aRead, Herbert Harold
_952190
240 0 _aGeology : an introduction to earth-history
_lEspañol
245 1 0 _aGeologia :
_bintroduccion a la historia de la tierra /
_cHerbert Harold Read.
260 _aMéxico, D. F. :
_bFondo de Cultura Economíca,
_c1975.
300 _a219 p. :
_bil. ;
_c17 cm.
490 _aBreviarios del Fondo de Cultura Económica
_v14
534 _aTítulo original :
_tGeology : an introduction to earth-history
500 _aIncluye índice analítico : p. 213-217
830 0 _aBreviarios del Fondo de Cultura Económica,
_v14
_925786
049 _aBNGR
999 _c25025
_d25025